000 00653nam a22001697a 4500
005 2012041105085.0
020 _a8179300994
_c210.00
035 _aB-94454
037 _aDPL
_bENG
100 _aAnand, Navneet
_944970
245 _aSociology :
_bA concise overview of the subject for the UPSC Civil Services Preliminary examination optional paper /
_cby Navneet Anand and Shamim Akhtar
260 _aNew Delhi
_bSpectrum Book Pvt. Ltd.
_c2004
300 _avii, 399p.
_c26 cms.
700 _aAkhtar, Shamim
_944971
942 _2ddc
_cEN
_h301
_mANA
999 _c64883
_d64883